000 00723nam a22002057a 4500
999 _c14286
_d14286
003 MIRAKIL
005 20201214134422.0
008 201214b tu ||||| |||| 00| 0 tur d
040 _aTR-AnCHP
_cTR-AnCHP
041 _atur
082 _aATA 923.156
_bT36b 1959
100 _aTepedelenlioğlu, Nizamettin Nazif
245 1 0 _aBilinmiyen taraflariyle Atatürk /
_cNizamettin Nazif Tepedelenlioğlu.
260 _aİstanbul:
_bGüler Yayınları,
_c1959.
300 _a117 s.:
_c20 sm.
490 0 _aGüler Yayınları;
_v1.
600 1 4 _91465
_aAtatürk, Gazi Mustafa Kemal
_cTürkiye Cumhuriyeti 1. Cumhurbaşkanı
_d1881-1938
_xYaşam öyküsü
650 0 _95415
_aCumhurbaşkanları
_xYaşam öyküsü
942 _2ddc
_cBKS